000 00696nam a2200241 i 4500
001 C2-0329750
003 PPAK
005 20180728130735.0
008 150122s2013 nyu |||| ||||| | eng d
020 _a9781621451099
040 _aPPAK
_beng
_cPPAK
_erda
082 0 4 _a650.1
_223
090 0 0 _a650.1
_bDIV
_dLCK
100 1 _aDivine, Mark,
_eauthor
245 1 4 _aThe way of the seal
264 1 _aNew York :
_bThe Reader's Digest Association ,
_c2013
300 _axiii, 240 pages ;
_c22 cm
336 _2rdacontent
_atext
337 _2rdamedia
_aunmediated
338 _2rdacarrier
_avolume
650 1 0 _aLeadership. ; Strategic planning. ; United States.Navy.SEALs.
942 _ddc
_cB
999 _c128930
_d128930